000 00433pam a22001694a 4500
020 _a0130328596
020 _a0130425788
040 _cDLC
082 0 0 _a339 EDU 1996 A067 Or.
100 1 _aFroyen, Richard T
245 1 0 _aMacroeconomics :
_btheories and policies /
250 _aSeventh edition
300 _axx, 524 pages :
_billustrations ;
_c25 cm
650 0 _aMacroeconomics
650 0 _aKeynesian economics
942 _cEK
999 _c14530
_d14530